Closest Genetic Populations to the Armenians - Statistics

General Stats
  • This quiz has been taken 46 times
  • The average score is 5 of 12
Answer Stats
Genetic Distance Ethnicity % Correct
2.379 Georgian
95%
2.191 Turkish
92%
4.251 Kurdish
69%
1.773 Greek
67%
1.354 Assyrian
36%
3.539 Lebanese
36%
3.378 Druze
15%
3.429 Laz
15%
4.713 Yazidi
15%
2.605 Hemshin
8%
5.002 Palestinian
3%
4.926 Talysh
3%
No matching quizzes found
Score Distribution
Percent of People with Each Score
Percentile by Number Answered
Your Score History
You have not taken this quiz